Evaluacion de la razonabilidad de las proyecciones realizadas con SIATGAM
Spremljeno u:
| Glavni autor: | |
|---|---|
| Format: | Knjiga |
| Izdano: |
San José, C.R.
1996
|
| Teme: | |
| Oznake: |
Dodaj oznaku
Bez oznaka, Budi prvi tko označuje ovaj zapis!
|
MARC
| LEADER | 00000nam a2200000Ia 4500 | ||
|---|---|---|---|
| 003 | 008094 | ||
| 005 | 20221231144234.0 | ||
| 008 | 140114s1996 cr a 000 ||s d | ||
| 040 | |c cru CEDI | ||
| 090 | |a TFG 3577 | ||
| 100 | |a Calzada Monge, Luis Diego |9 9664 | ||
| 245 | |a Evaluacion de la razonabilidad de las proyecciones realizadas con SIATGAM | ||
| 260 | |c 1996 |a San José, C.R. | ||
| 300 | |a vi, 123 hojas : ilustraciones | ||
| 500 | |a Proyecto de graduación (licenciatura en ingeniería civil)--Universidad de Costa Rica. Facultad de Ingeniería. Escuela de Ingeniería Civil | ||
| 650 | |x TRANSPORTE URBANO - AREA METROPOLITANA DE SAN JOSE (COSTA RICA) |x METODOS DE SIMULACION |9 9665 | ||
| 942 | |c TFG | ||
| 999 | |c 18911 |d 18911 | ||
